00385nam a2200145 a 4500008004100000020001500041050001600056100001900072245005600091260003800147300001400185350000900199500001700208650001400225120416s1995 ||||||||||||||||| || u a063119391x aBJ 1031 Int aAlmond, Brenda10aIntroducing applied ethicscedited by Brenda Almond aU. K.bBlackwell Publishersc1995 ax, 375 p. a0.00 aBibliography aTEXTBOOKS